Popularne albumy rap/trap tygodnia 18-24.12 Spotify. - Statystyki

Ogólne statystyki
  • Ten quiz został rozwiązany 11 razy
    9 od ostatniego zresetowania
  • Średni wynik to 11 z 15
Statystyki odpowiedzi
Artysta Data wydania Album % Poprawnych
Mata 17 stycznia 2020 100 dni do matury
100%
Taco Hemingway 4 września 2020 Europa
100%
SB Maffija 8 czerwca 2020 Hotel Maffija
100%
Taco Hemingway 28 sierpnia 2020 Jarmark
100%
Bedoes, Lanek 29 listopada 2019 Opowieści z Doliny Smoków
100%
Guzior 4 grudnia 2020 PLEŚŃ
100%
Quebonafide 1 kwietnia 2020 ROMANTIC PSYCHO
88%
Białas 5 sierpnia 2020 H8M5
75%
Kabe 20 listopada 2020 Mowgli
75%
Kizo 23 października 2020 Posejdon
75%
chillwagon 22 grudnia 2020 chillwagon 2.0
50%
Paluch 27 listopada 2020 Nadciśnienie
50%
Słoń, Chris Carson 11 grudnia 2020 Redrum
50%
White 2115 28 sierpnia 2020 Rockstar: Do zachodu słońca
50%
Kali, Major SPZ 11 grudnia 2020 HUCPA
25%
Nie znaleziono quizów pasujących do podanych kryteriów
Rozkład punktacji
Procent ludzi z każdym wynikiem
Percentyl według liczby udzielonych odpowiedzi
Twoja historia wyników
Nie rozwiązałeś tego quizu od ostatniego zresetowania